<?xml version="1.0" encoding="UTF-8"?><?xml-stylesheet type="text/xsl" href="static/style.xsl"?><OAI-PMH xmlns="http://www.openarchives.org/OAI/2.0/" xmlns:xsi="http://www.w3.org/2001/XMLSchema-instance" xsi:schemaLocation="http://www.openarchives.org/OAI/2.0/ http://www.openarchives.org/OAI/2.0/OAI-PMH.xsd"><responseDate>2026-04-18T03:13:55Z</responseDate><request verb="GetRecord" identifier="oai:www.recercat.cat:20.500.12694/7090" metadataPrefix="marc">https://recercat.cat/oai/request</request><GetRecord><record><header><identifier>oai:recercat.cat:20.500.12694/7090</identifier><datestamp>2025-12-18T12:09:55Z</datestamp><setSpec>com_2072_179042</setSpec><setSpec>col_2072_484474</setSpec></header><metadata><record xmlns="http://www.loc.gov/MARC21/slim" xmlns:dcterms="http://purl.org/dc/terms/" xmlns:xsi="http://www.w3.org/2001/XMLSchema-instance" xmlns:doc="http://www.lyncode.com/xoai" xsi:schemaLocation="http://www.loc.gov/MARC21/slim http://www.loc.gov/standards/marcxml/schema/MARC21slim.xsd">
   <leader>00925njm 22002777a 4500</leader>
   <datafield ind2=" " ind1=" " tag="042">
      <subfield code="a">dc</subfield>
   </datafield>
   <datafield ind2=" " ind1=" " tag="720">
      <subfield code="a">Martínez Martínez, Antoni</subfield>
      <subfield code="e">author</subfield>
   </datafield>
   <datafield ind2=" " ind1=" " tag="260">
      <subfield code="c">2016-06</subfield>
   </datafield>
   <datafield ind2=" " ind1=" " tag="520">
      <subfield code="a">El treball tracta el raspat de canyes de tible i tenora. L'objectiu és crear unes pautes bàsiques per tal d'assolir un estat òptim de la canya a l'hora de tocar. Mitjançant la recerca bibliogràfica en els instruments de doble canya, l'experimentació personal i la interpretació de les dades d'un qüestionari, s'extreuen unes conclusions a mode de manual bàsic pel raspat de canyes de tible i tenora. La qüestió és trobar aquells punts comuns, o aquelles tècniques que en un elevat percentatge s'apliquen i a partir de les que s'obtenen resultats similars. Hi ha un refrany que diu: “cada maestrillo tiene su librillo”, i en el cas del meu estudi, mai millor dit.</subfield>
   </datafield>
   <datafield ind2=" " ind1=" " tag="520">
      <subfield code="a">El trabajo trata el raspado de cañas de tible y tenora. El objetivo es crear unas pautas básicas para conseguir un estado óptimo de la caña a la hora de tocar. Mediante la búsqueda bibliográfica en los instrumentos de doble caña, la experimentación personal y la interpretación de los datos de un cuestionario, se extraen unas conclusiones a modo de manual básico para el raspado de cañas de tible y tenora. La cuestión es encontrar aquellos puntos comunes, o aquellas técnicas que en un elevado porcentaje se aplican, y a partir de las cuales se obtienen resultados similares. Hay un refrán que dice: “cada maestrillo tiene su librillo”, y en el caso de mi estudio, nunca mejor dicho.</subfield>
   </datafield>
   <datafield ind2=" " ind1=" " tag="520">
      <subfield code="a">The work is about the scraping of tible and tenora reeds. The aim is to create some basic guidelines to achieve an optimal state of the reed when played. Through literature search on double-reed instruments, experimentation, and interpretation of the personal questionnaire data, conclusions are drawn on the basic manual for scraping tible and tenora reeds. The question is to find common points or techniques that are applied in a high percentage, and from which similar results are obtained. There is a proverb that says: "cada maestrillo tiene su librillo", and in the case of my study, never better said.</subfield>
   </datafield>
   <datafield ind1="8" ind2=" " tag="024">
      <subfield code="a">http://hdl.handle.net/20.500.12694/7090</subfield>
   </datafield>
   <datafield tag="653" ind2=" " ind1=" ">
      <subfield code="a">TFG Música tradicional</subfield>
   </datafield>
   <datafield tag="653" ind2=" " ind1=" ">
      <subfield code="a">Tenora</subfield>
   </datafield>
   <datafield tag="653" ind2=" " ind1=" ">
      <subfield code="a">Tible</subfield>
   </datafield>
   <datafield tag="653" ind2=" " ind1=" ">
      <subfield code="a">Instruments--Manteniment i reparació</subfield>
   </datafield>
   <datafield tag="653" ind2=" " ind1=" ">
      <subfield code="a">Instruments de fusta</subfield>
   </datafield>
   <datafield ind2="0" ind1="0" tag="245">
      <subfield code="a">Quina canya!: recerca sobre el raspat de canyes pel tible</subfield>
   </datafield>
</record></metadata></record></GetRecord></OAI-PMH>